000 00364nam a2200145Ia 4500
001 23746
003 GE_BSU
008 181216s||||||||xx |||||||||||||| ||und||
040 _cGE_BSU
245 _aLe Point №2389. 14 juin 2018.
653 _aLe Point №2389. 14 juin 2018.
653 _aПериодика
653 _aპერიოდიკა
942 _cCR
999 _c56625
_d56625